000 00417nam a2200145Ia 4500
008 220216s9999 xx 000 0 und d
100 _aDutta Naba K
245 0 _aMiscibility studies in blends of bromobutyl rubber and natural rubber
260 _bJournal of Elastomers and Plastics
_c1993
300 _a158-179
650 _aBromobutyl rubber
650 _aNatural rubber
700 _aTripathy D K
942 _cJS
999 _c62995
_d62995